[Event "CAN-ch U20 1982-83"]
[Site "Toronto"]
[Date "1982.12.28"]
[Round "3"]
[White "Lingo, Richard"]
[Black "O'Donnell, Tom"]
[Result "1/2-1/2"]
[WhiteElo "1871"]
[BlackElo "2163"]
[PlyCount "69"]
[EventDate "1982.12.26"]
[EventType "tourn"]
[EventRounds "11"]
[EventCountry "CAN"]
[SourceTitle "EXT 2022"]
[Source "ChessBase"]
[SourceDate "2021.10.06"]
[SourceVersion "1"]
[SourceVersionDate "2021.10.06"]
[SourceQuality "1"]

1. Nf3 Nf6 2. c4 c6 3. g3 g6 4. b3 Bg7 5. Bb2 0-0 6. Bg2 d5 7. 0-0 Re8 8. e3 Bf5 9. d3 Nbd7 10. Nd4 Nf8 11. Nxf5 gxf5 12. Nd2 Qd7 13. Nf3 Ng6 14. Qc2 Rad8 15. Rfd1 h6 16. b4 e5 17. d4 e4 18. Ne1 Rc8 19. c5 h5 20. h4 Ng4 21. Bh3 Re6 22. Ng2 Bh6 23. Bc1 Qe7 24. Qb3 Qc7 25. Re1 Kh7 26. a4 Rg8 27. Bxg4 fxg4 28. Nf4 Bxf4 29. exf4 Ne7 30. Be3 Nf5 31. Qc3 Qe7 32. Kg2 Reg6 33. Rh1 Qd7 34. Ra2 a6 35. a5 1/2-1/2

[Event "CAN-ch U20 1982-83"]
[Site "Toronto"]
[Date "1982.12.27"]
[Round "2"]
[White "Lingo, Richard"]
[Black "Gardner, Robert"]
[Result "1/2-1/2"]
[WhiteElo "1871"]
[BlackElo "1916"]
[PlyCount "81"]
[EventDate "1982.12.26"]
[EventType "tourn"]
[EventRounds "11"]
[EventCountry "CAN"]
[SourceTitle "EXT 2022"]
[Source "ChessBase"]
[SourceDate "2021.10.06"]
[SourceVersion "1"]
[SourceVersionDate "2021.10.06"]
[SourceQuality "1"]

1. c4 Nf6 2. Nc3 g6 3. g3 Bg7 4. Bg2 0-0 5. d3 d6 6. Rb1 c5 7. a3 Nbd7 8. Qc2 Ne8 9. b4 Nc7 10. e3 Rb8 11. Nge2 b6 12. Bb2 Bb7 13. e4 f5 14. 0-0 fxe4 15. dxe4 Ne5 16. Nd5 Nxd5 17. exd5 cxb4 18. axb4 Rc8 19. Bxe5 Bxe5 20. f4 Bg7 21. f5 g5 22. Qe4 Rc7 23. h4 gxh4 24. Nf4 Bc8 25. g4 a6 26. Rf3 b5 27. cxb5 axb5 28. Bf1 Rc3 29. Bd3 Qb6+ 30. Kg2 Be5 31. Ne6 Rf7 32. Rbf1 Qa6 33. g5 Bxe6 34. fxe6 Qa2+ 35. R1f2 h3+ 36. Kxh3 Rxf3+ 37. Rxf3 Qh2+ 38. Kg4 Qg2+ 39. Kh4 Qh2+ 40. Kg4 Qg2+ 41. Kh4 1/2-1/2